LIBRARY & INFORMATION CENTRE, KCAET, TAVANUR

ONLINE PUBLIC ACCESS CATALOGUE (OPAC)

Genetics (Record no. 13827)

MARC details
000 -LEADER
fixed length control field 00320nam a22001457a 4500
020 ## - INTERNATIONAL STANDARD BOOK NUMBER
ISBN 9781118092422
082 ## - DEWEY DECIMAL CLASSIFICATION NUMBER
Classification number 575.1 SNU/GE
100 ## - MAIN ENTRY--AUTHOR NAME
Personal name Snustad, D.Peter
100 ## - MAIN ENTRY--AUTHOR NAME
Personal name Simmons ,Michael J
245 ## - TITLE STATEMENT
Title Genetics
250 ## - EDITION STATEMENT
Edition statement 6th ed
260 ## - PUBLICATION, DISTRIBUTION, ETC. (IMPRINT)
Place of publication Singapore
Name of publisher John Wiley & Sons
Year of publication 2012
300 ## - PHYSICAL DESCRIPTION
Number of Pages 766
942 ## - ADDED ENTRY ELEMENTS (KOHA)
Koha item type Books
Holdings
Withdrawn status Lost status Damaged status Collection code Home library Current library Shelving location Date acquired Source of acquisition Cost, normal purchase price Full call number Accession Number Koha item type
      Non-fiction KAUAET KAUAET Reference 31/03/2012 Universal Research Books, Thrissur 2436.70 575.1 SNU/GE 23352 Books
free website counter